सोशल मीडिया की सम्भावनाएँ/ (Record no. 91272)

MARC details
000 -LEADER
fixed length control field 01028nam a22002057a 4500
005 - DATE AND TIME OF LATEST TRANSACTION
control field 20230926113034.0
010 ## - LCCN (DPL NO)
LC control number HIN-104904 HIN-125747
020 ## - INTERNATIONAL STANDARD BOOK NUMBER
Terms of availability 495.00
035 ## - SYSTEM CONTROL NUMBER
System control number HN-77250 HN-98093
037 ## - SOURCE OF ACQUISITION
Source of stock number/acquisition DBAD / PUB
082 ## - DEWEY DECIMAL CLASSIFICATION NUMBER
Classification number 302.23
100 ## - MAIN ENTRY--PERSONAL NAME
Personal name सिंह, संचिता
245 ## - TITLE STATEMENT
Title सोशल मीडिया की सम्भावनाएँ/
Statement of responsibility, etc संचिता सिंह
246 ## - VARYING FORM OF TITLE
Title proper/short title Social media ki sambhavnayen
Remainder of title by Sanchita Singh
260 ## - PUBLICATION, DISTRIBUTION, ETC. (IMPRINT)
Place of publication, distribution, etc दिल्ली
Name of publisher, distributor, etc बुक ट्री पब्लिशिंग हाउस
Date of publication, distribution, etc 2014
270 ## - ADDRESS
Address आत्माराम बिल्डिंग,1376, कश्मीरी गेट, इंडियन बैंक के पीछे
City दिल्ली
Postal code 110006
300 ## - PHYSICAL DESCRIPTION
Extent 203पृ.
Dimensions 22सेमी (सजिल्द)
500 ## - GENERAL NOTE
General note समान ISBN 9789383278008 शीर्षक मोहन चोपड़ा का रचनाकर्म
942 ## - ADDED ENTRY ELEMENTS (KOHA)
Source of classification or shelving scheme Dewey Decimal Classification
Item type Hindi Books
Call number suffix सिंहसं
Classification part 302.23
Holdings
Withdrawn status Lost status Not for loan Collection code Home library Current library Date acquired Source of acquisition Cost, normal purchase price Full call number Barcode Copy number Cost, replacement price Koha item type
    Not For Loan Non-fiction D.B.Act.Division Bawana 06/02/2015 DBAD / PUB 495.00 302.23 सिंहसं HN-77250 1 495.00 Hindi Books
      Non-fiction Mobile Library Mobile Library 31/08/2023 DBAD/PUB 495.00 302.23 सिंहसं HN-98093 1 495.00 Hindi Books

© Delhi Public Library
Hit Counter
free hit counter